Review of the current state of world aquaculture insurance / (Record no. 15886)

000 -LEADER
fixed length control field 00603nam a2200193Ma 4500
020 ## - INTERNATIONAL STANDARD BOOK NUMBER
ISBN 9251055327
040 ## - CATALOGING SOURCE
Transcribing agency MNU
082 ## - DEWEY DECIMAL CLASSIFICATION NUMBER
Classification number 639 FOO 2006 A090 Or.
245 00 - TITLE STATEMENT
Title Review of the current state of world aquaculture insurance /
246 30 - VARYING FORM OF TITLE
Title proper/short title Current state of world aquaculture insurance
260 ## - PUBLICATION, DISTRIBUTION, ETC. (IMPRINT)
Place of publication Rome :
Name of publisher Food and Agriculture Organization of the United Nations,
Year of publication 2006
300 ## - PHYSICAL DESCRIPTION
Number of Pages xii, 92 p. ;
Dimensions 25 cm
650 #0 - SUBJECT ADDED ENTRY--TOPICAL TERM
Topical Term Aquaculture industry
650 #0 - SUBJECT ADDED ENTRY--TOPICAL TERM
Topical Term Aquaculture industry
650 #0 - SUBJECT ADDED ENTRY--TOPICAL TERM
Topical Term Aquaculture industry
650 #0 - SUBJECT ADDED ENTRY--TOPICAL TERM
Topical Term Aquaculture industry
700 1# - ADDED ENTRY--PERSONAL NAME
Personal name Anrooy, Raymon van
942 ## - ADDED ENTRY ELEMENTS (KOHA)
Koha item type សៀវភៅភាសាអង់គ្លេស
952 ## - LOCATION AND ITEM INFORMATION (KOHA)
Withdrawn status [LOCAL, KOHA] 0
952 ## - LOCATION AND ITEM INFORMATION (KOHA)
Withdrawn status [LOCAL, KOHA] 0
Holdings
Permanent Location Date acquired Koha item type Lost status Shelving location Barcode Current Location Full call number
Library Block A2017-12-15សៀវភៅភាសាអង់គ្លេស A090RUA060403Library Block A639 FOO 2006 A090 Or.
Library Block A2017-12-15សៀវភៅភាសាអង់គ្លេស A090RUA060463Library Block A639 FOO 2006 A090 Or.
មជ្ឈមណ្ឌលឯការនៃសាកលវិទ្យាល័យភូមិន្ទកសិកម្មចំការដូង

Powered by Koha